| 000 | 00469nam a2200169 i 4500 | ||
|---|---|---|---|
| 001 | bg | ||
| 100 | 1 | _aTARGOWSKI, Andrzej | |
| 245 | 0 |
_aAutomatyzacja przetwarzania danych : _bsystemy, techniki , metody / _cAndrzej Targowski. |
|
| 250 | _aWyd. 2 zm. | ||
| 260 |
_aWarszawa : _bPWE, _c1973. |
||
| 650 | 9 |
_aPrzetwarzanie danych _xautomatyzacja |
|
| 040 | _cBPK | ||
| 041 | _apol | ||
| 080 | _a65.011.56:004 | ||
| 942 | _cKS | ||
| 008 | s pl f |000 0 pol | ||
| 999 |
_c22526 _d22526 |
||
| 856 |
_uhttp://koha.tu.koszalin.pl/cgi-bin/koha/opac-detail.pl?biblionumber=22526 _yKatalog online BPK |
||